| 000 | 00748nam a22002177a 4500 | ||
|---|---|---|---|
| 999 |
_c14940 _d14940 |
||
| 003 | AR-CdUCM | ||
| 008 | 190425b ||||| |||| 00| 0 spa d | ||
| 020 | _a978-607-315-302-7 | ||
| 040 |
_aMUNICIPALIDAD PROVINCIAL DEL CUSCO _cBIBLIOTECA MUNICIPAL DEL CUSCO |
||
| 041 | _heng | ||
| 082 |
_aPI / 803 / _bM95 |
||
| 100 |
_aMuncaster, Harriet _933919 |
||
| 245 |
_aIsadora Moon va de campamento : _bMitad vampiro, mitad hada, ¡totalmente única! / |
||
| 260 |
_aMéxico : _bPenguin Random House, _c2017. |
||
| 300 |
_a107 páginas ; _bilustraciones, _c20 cm. |
||
| 650 |
_aLiteratura infantil _9588 |
||
| 700 |
_aPérez Sauquillo, Vanesa (traducción) _933920 |
||
| 710 |
_aAlfaguara. _933921 |
||
| 942 |
_2ddc _cLIBROS |
||
| 945 |
_aachl _d2019-04-25 |
||